000
00282nam a2200133Ia 4500
100
_a
Koren/Yovam
942
_c
BK
654
_a
Robotics
245
_a
Robotics For Engineers
260
_b
McGraw Hill
_a
New York
_c
1987
082
_a
629.8
_b
Kor
300
_a
347
546
_a
ENGLISH
999
_c
31197
_d
31197